Statistiken für Pokémon anhand von Bilder, auf denen sie basieren, erraten 3

Klicken Sie hier um das Quiz zu spielen!

Allgemein

  • Dieses Quiz wurde 276 mal gespielt
  • Das Durchschnittsergebnis liegt bei 15 aus 32

Antwortstatistiken

Antwort% Korrekt
Loturzel
88%
Pelipper
86%
Wingull
83%
Samurzel
82%
Meditie, Meditalis
69%
Schwalbini, Schwalboss
69%
Makuhita, Hariyama
68%
Papinella
65%
Bummelz, Muntier
64%
Palimpalim
64%
Gehweiher
61%
Fiffyen, Magnayen
58%
Wailmer, Wailord
55%
Kecleon
51%
Shuppet
48%
Zobiris
42%
Banette
41%
Camerupt
39%
Lepumentas
37%
Zwirrklop
37%
Zichsachs, Geradaks
34%
Lombrero, Kappalores
33%
Hydropi, Moorabbel, Sumpex
32%
Kanivanha
32%
Flunkifer
31%
Zwirrlicht
28%
Volbeat, Illumise
25%
Regirock, Registeel, Regice
24%
Tengulist
23%
Knacklion
16%
Blanas
12%
Schnepke
3%

Verteilung der Resultate

Perzentil nach korrekt beantworteten Fragen

Anzahl Personen mit jedem Resultat

Ihre Resultats-Entwicklung

Sie haben dieses Quiz noch nicht gespielt